00400nam a2200157Ia 4500008004100000040001900041041001200060082001900072100001600091245003700107260002800144300001900172504001900191650001400210850001800224131103s9999 xx 000 0 und d aLoreto College aEnglish a922/TAYbLCLIB aTaylor, J.G aOur lady of baterseycJ.G Taylor aBatterseabGeorgec1925 a442p. c 24cm. aIncludes index aBiography aLCLIB/922/TAY